| 000 | 00662nam a22001815i 4500 | ||
|---|---|---|---|
| 001 | 170381 | ||
| 003 | ES-MaACL | ||
| 005 | 20230906214354.0 | ||
| 008 | 090227s1903 fr |||| | fre d | ||
| 080 | _a782.1 | ||
| 100 | 1 |
_aBerlioz, Hector. _928067 |
|
| 245 | 1 | 3 |
_aLa damnation de Faust _b: légende dramatique en quatre parties / _ctexte et musique de Hector Berlioz. |
| 260 |
_aParis : _bCostallat, _c[1903?] |
||
| 300 |
_a47 p. ; _c19 cm. |
||
| 650 | 1 | 4 |
_aÓperas- _vLibretos. _9137584 |
| 852 |
_aES-MaACL _j2250-F-22 _9R.141018 _z.- Biblioteca Jacinto Martínez Lacalle |
||
| 852 |
_aES-MaACL _j2250-F-23 _9R.141019 _z.- Biblioteca Jacinto Martínez Lacalle |
||
| 999 |
_c170381 _d170381 |
||